Des Frontières Étonnantes - Statistiques

Statistiques générales
  • Ce quiz a été pris 75 fois
  • Le résultat moyen est 14 sur 35
Statistiques - réponses
Description Réponse % Correct
Un état enclavé dans la capitale d'un autre état Vatican
89%
Un territoire qui provoque des tensions entre l'Espagne et le Royaume-Uni Gibraltar
88%
Un pays presque enclavé dans le Sénégal Gambie
81%
Le pays qui partage la plus grande frontière terrestre continue avec la Russie Kazakhstan
81%
Le pays qui partage la plus longue frontière de la France Brésil
80%
Une île qui revendique l'ensemble du territoire de la Chine Taïwan
80%
Un archipel qui a causé une guerre entre l'Argentine et le Royaume-Uni Îles Malouines
78%
Un fleuve qui permet à la Suisse d'accéder à l'océan mondial depuis Bâle Rhin
77%
Une exclave russe entre la Pologne et la Lituanie Oblast de Kaliningrad
73%
Une île partagée entre la France et les Pays-Bas Saint-Martin
72%
Une base militaire située sur Cuba Guantánamo
69%
Un pays qui a échangé près de 200 territoires enclavés avec l'Inde en 2015 Bangladesh
67%
Une ville espagnole située sur le continent africain Ceuta, Melilla
66%
Une région disputée par la Chine, l'Inde et le Pakistan Cachemire
61%
La seule île qui est partagée entre trois états souverains Bornéo
53%
Une région autonome de la Moldavie à la frontière de l'Ukraine Transnistrie
44%
Un lac partagé par trois pays d'Europe, mais dont les frontières ne sont pas définies Lac de Constance
38%
Une république autoproclamé située en Azerbaïdjan Haut-Karabagh
33%
Une mer dont les eaux territoriales sont revendiquées par 7 pays différents Mer de Chine méridionale
33%
Une exclave de l'Angola Cabinda
28%
Le plus vaste pays totalement enclavé Lesotho
28%
Une île qui change d'administration (pays) tous les six mois Île des Faisans
25%
Une ville espagnole enclavé dans le département des Pyrénées-Orientales Llívia
22%
Un état de l'Inde situé entre le Népal et le Bhoutan Sikkim
16%
Une ville partagée entre la Belgique et les Pays-Bas avec de nombreuses enclaves Baerle
8%
Un corridor géographique permettant à la Namibie d'accéder au Zambèze Bande de Caprivi
8%
Le nom de la zone démilitarisée qui coupe l'île de Chypre en deux Ligne verte
6%
Une exclave américaine près de Vancouver Point Roberts
6%
Un territoire revendiqué par l’Égypte et le Soudan Triangle de Hala'ib
6%
Un corridor géographique (panhandle) dans l'est de l'Afghanistan Corridor du Wakhan
5%
Le plus vaste territoire non-revendiqué au monde Terre Marie Byrd
5%
Une ville italienne enclavée dans le territoire suisse Campione d'Italia
3%
Une bande de territoire qui relie l'Inde du Nord-Est au reste du pays Corridor de Siliguri
3%
Un condominium situé à la frontière entre le Luxembourg et l'Allemagne Moselle
3%
Une île partagée entre la Suède et la Finlande qui abrite un phare Märket
2%
Aucun quiz correspondant
Distribution des résultats
% des personnes avec chaque résultat
Percentile par nombre de réponses
Votre historique - résultats
Vous n’avez pas pris ce quiz